Britain's increasing shop vacancy rate being driven by too many shops and the growing north-south divide (Record no. 84272)
[ view plain ]
| 000 -LEADER | |
|---|---|
| fixed length control field | 01266cad a22002055a 4500 |
| 001 - CONTROL NUMBER | |
| control field | L157166 |
| 008 - FIXED-LENGTH DATA ELEMENTS--GENERAL INFORMATION | |
| fixed length control field | 120913e2012 xxk 000 0 eng d |
| 035 ## - SYSTEM CONTROL NUMBER | |
| System control number | (Sirsi) u157166 |
| 041 0# - LANGUAGE CODE | |
| Language code of text/sound track or separate title | eng |
| 110 2# - MAIN ENTRY--CORPORATE NAME | |
| Corporate name or jurisdiction name as entry element | British Property Federation |
| 9 (RLIN) | 1604 |
| 245 00 - TITLE STATEMENT | |
| Title | Britain's increasing shop vacancy rate being driven by too many shops and the growing north-south divide |
| 260 ## - PUBLICATION, DISTRIBUTION, ETC. | |
| Date of publication, distribution, etc. | 2012 |
| 490 #0 - SERIES STATEMENT | |
| Series statement | British Property Federation Press Release |
| Volume/sequential designation | 4 September 2012 |
| 520 ## - SUMMARY, ETC. | |
| Summary, etc. | Summarises the results of the latest Local Data Company shop vacancy report "Too many shops". Although it is not possible to predict whether there is a structural oversupply of retail space in the UK, there are a number of telling factors which point in this direction. It is clear that for the high street and especially secondary shopping centres the current high vacancy levels are here to stay with the prospect of alternative uses being made of the vacant space. |
| 590 ## - LOCAL NOTE (RLIN) | |
| Local note | KA |
| 651 #4 - SUBJECT ADDED ENTRY--GEOGRAPHIC NAME | |
| Geographic name | United Kingdom |
| 690 ## - LOCAL SUBJECT ADDED ENTRY--TOPICAL TERM (OCLC, RLIN) | |
| Topical term or geographic name as entry element | Commercial property |
| 9 (RLIN) | 6227 |
| 856 40 - ELECTRONIC LOCATION AND ACCESS | |
| Uniform Resource Identifier | <a href="https://www.bpf.org.uk/en/newsroom/press_release/3012_-_Britains_increasing_shop_vacancy_rate_being_driven_by_too_many_shops_and_the_growing_North-South_divide..php">https://www.bpf.org.uk/en/newsroom/press_release/3012_-_Britains_increasing_shop_vacancy_rate_being_driven_by_too_many_shops_and_the_growing_North-South_divide..php</a> |
| Public note | View the press release at www.bpf.org.uk |
| 942 ## - ADDED ENTRY ELEMENTS (KOHA) | |
| Suppress in OPAC | 0 |
| Withdrawn status | Lost status | Source of classification or shelving scheme | Damaged status | Not for loan | Home library | Current library | Shelving location | Date acquired | Total Checkouts | Full call number | Barcode | Date last seen | Copy number | Price effective from | Koha item type |
|---|---|---|---|---|---|---|---|---|---|---|---|---|---|---|---|
| Dewey Decimal Classification | Virtual | Virtual | Online | 13/09/2012 | ONLINE PUBLICATION | 157166-2001 | 06/08/2019 | 1 | 06/08/2019 | Journal article |